Wordt geladen...
Spraying, dusting and fumigating of plants : a popular handbook on crop protection
| Hoofdauteur: | |
|---|---|
| Formaat: | Printed Book |
| Taal: | Undetermined English |
| Gepubliceerd in: |
Newyork
Mac Millan Company
1942
|
| Onderwerpen: |
| LEADER | 00693nam a2200205Ia 4500 | ||
|---|---|---|---|
| 008 | 140306s9999 xx 000 0 und d | ||
| 041 | |a eng | ||
| 082 | |a 632.94 |b MAS | ||
| 100 | |a Mason, Freeman A | ||
| 245 | |a Spraying, dusting and fumigating of plants : a popular handbook on crop protection | ||
| 260 | |a Newyork |b Mac Millan Company |c 1942 | ||
| 300 | |a 539 | ||
| 440 | |v Rural manuals | ||
| 650 | |a fumigation -plants | ||
| 650 | |a insecticides | ||
| 650 | |a pest control | ||
| 650 | |a Plants-spraying & industry | ||
| 942 | |2 ddc |c BK | ||
| 999 | |c 72004 |d 72004 | ||
| 952 | |0 0 |1 0 |2 ddc |4 0 |6 632_940000000000000_MAS |7 0 |9 78355 |a KAUACV |b KAUACV |d 2004-06-11 |o 632.94 MAS |p KAU_ACV-820 |r 2014-03-22 |w 2014-03-22 |y BK | ||